000 00467cam a2200157 4500500
005 20260329001421.0
041 _afre
042 _adc
100 1 0 _aCerf, Juliette
_eauthor
245 0 0 _aUsine à cauchemars
260 _c2007.
500 _a32
690 _aFolie
786 0 _nPhilosophie magazine | 7 | 3 | 2007-03-01 | p. 57-57 | 1951-1787
856 4 1 _uhttps://shs.cairn.info/magazine-philosophie-magazine-2007-3-page-57?lang=fr&redirect-ssocas=7080
999 _c1805210
_d1805210